Vývoj tržieb v maloobchode v kontexte pandémie COVID-19

Guardado en:
Detalles Bibliográficos
Autor principal: Blahušiaková, Miriama, 1980-
Formato: Capítulo de libro
Lenguaje:inglés
Materias:
Etiquetas: Agregar Etiqueta
Sin Etiquetas, Sea el primero en etiquetar este registro!

MARC

LEADER 00000naa$a2200000$$$4500
001 0289206
005 20240502074429.2
041 0 |a eng 
044 |a SK 
245 1 0 |a Vývoj tržieb v maloobchode v kontexte pandémie COVID-19  |c Miriama Blahušiaková 
500 |a Abstrakt 
610 2 0 |a tržby 
610 2 0 |a maloobchod 
610 2 0 |a situácia finančná podniku 
610 2 0 |a koronavírus 
100 1 |a Blahušiaková, Miriama, 1980-